000 00681nam a2200289Ia 4500
005 20260324144715.0
008 008 260324s9999 xx 000 0 eng d
020 _a9780367274757
037 _aEBOOK
040 _aCRL
040 _beng
040 _cCRL
041 _2eng
041 _aeng
084 _qCRL
100 _aBarbara E. Ward
_91220315
245 0 _aThrough Other Eyes
245 0 _bEssays In Understanding "Conscious Models"
260 _bTaylor and Francis
260 _c1986
365 _a
365 _b220
856 _uhttp://www.taylorfrancis.com/books/9780367274757
942 _cEBOOK
999 _c1827261
_d1827261